| 000 | 00409nam a2200181Ia 4500 | ||
|---|---|---|---|
| 003 | OSt | ||
| 005 | 20140403093946.0 | ||
| 008 | 140130s9999 xx 000 0 und d | ||
| 050 |
_aPZ 7 _b.B216 2004 |
||
| 245 |
_cBang, Molly _aMy light |
||
| 260 |
_bScholastic, _c2004 |
||
| 300 |
_a33 p. : _bcol. ill. ; _c29 cm. |
||
| 440 | _v1 | ||
| 521 | _aG4 | ||
| 526 | _c690 | ||
| 942 |
_cBK _2lcc |
||
| 999 |
_c40991 _d40991 |
||